Biggest Trading Partners - Estonia - Statistics

General Stats
  • This quiz has been taken 41 times
  • The average score is 28 of 30
Answer Stats
Exports Country % Correct
0.84 bil Latvia
100%
0.39 bil Latvia
100%
0.50 bil Lithuania
100%
0.88 bil Lithuania
100%
0.35 bil Norway
100%
1.81 bil Russia
100%
1.65 bil Russia
100%
0.74 bil United States
100%
0.23 bil United States
100%
0.35 bil Denmark
97%
1.84 bil Finland
97%
1.22 bil Finland
97%
1.53 bil Sweden
97%
0.80 bil Sweden
97%
0.17 bil France
95%
0.28 bil France
95%
0.52 bil Germany
95%
1.55 bil Germany
95%
0.28 bil United Kingdom
95%
0.39 bil United Kingdom
95%
0.18 bil Poland
92%
0.45 bil Poland
92%
0.63 bil Belarus
90%
0.74 bil China
90%
0.20 bil Ukraine
90%
0.48 bil Japan
82%
0.26 bil Italy
79%
0.23 bil Netherlands
77%
0.17 bil Netherlands
77%
0.23 bil Turkey
64%
No matching quizzes found
Score Distribution
Percent of People with Each Score
Percentile by Number Answered
Your Score History
You have not taken this quiz